000 00884nam a2200217 i 4500
001 152733
003 ES-MaACL
005 20230906204845.0
008 931025s1887 sp |||| | spa d
100 1 _aBringas, Diego de.
_931754
245 1 0 _aNovísimo espejo y doctrinal de caballeros en doce romances /
_cpor Diego de Bringas.
260 _aMadrid :
_b[s.n.],
_c1887 (
_fA. Perez Dubrull)
300 _a227 p., 1 h. ;
_c17 cm.
530 _aDisponible en formato digital.
594 _aDiego de Bringas es seud. de Santiago de Liniers y Gallo-Alcántara (1842-1908)
597 _aPort. a dos tintas.
599 _aCabezuelas, capitales y viñetas xilográficas.
650 4 _aCaballeros y caballerías-
_vPoesias.
_9135699
852 _aES-MaACL
_jD-2958
856 _uhttps://bvpb.mcu.es/es/consulta/registro.do?id=577723
_zBiblioteca Virtual del Patrimonio Bibliográfico
999 _c152733
_d152733